Statistics for U.S. Capital to State

Click here to take the quiz!

General Stats

  • This quiz has been taken 13 times
  • The average score is 47 of 50

Answer Stats

HintAnswer% Correct
DenverColorado
100%
DoverDelaware
100%
AtlantaGeorgia
100%
BoiseIdaho
100%
SpringfieldIllinois
100%
IndianapolisIndiana
100%
Des MoinesIowa
100%
TopekaKansas
100%
FrankfortKentucky
100%
AugustaMaine
100%
BostonMassachusetts
100%
LansingMichigan
100%
JacksonMississippi
100%
Jefferson CityMissouri
100%
HelenaMontana
100%
ConcordNew Hampshire
100%
TrentonNew Jersey
100%
AlbanyNew York
100%
ColumbusOhio
100%
ColumbiaSouth Carolina
100%
PierreSouth Dakota
100%
Salt Lake CityUtah
100%
MontpelierVermont
100%
CharlestonWest Virginia
100%
MontgomeryAlabama
91%
JuneauAlaska
91%
Little RockArkansas
91%
SacramentoCalifornia
91%
TallahasseeFlorida
91%
HonoluluHawaii
91%
Saint PaulMinnesota
91%
Santa FeNew Mexico
91%
RaleighNorth Carolina
91%
BismarckNorth Dakota
91%
Oklahoma CityOklahoma
91%
SalemOregon
91%
HarrisburgPennsylvania
91%
ProvidenceRhode Island
91%
NashvilleTennessee
91%
AustinTexas
91%
RichmondVirginia
91%
OlympiaWashington
91%
MadisonWisconsin
91%
CheyenneWyoming
91%
PhoenixArizona
82%
Baton RougeLouisiana
82%
AnnapolisMaryland
82%
LincolnNebraska
82%
Carson CityNevada
82%
HartfordConnecticut
45%

Score Distribution

Percentile by Number Answered

Percent of People with Each Score

Your Score History

You have not taken this quiz